000 00387 a2200133 4500
001 91607
082 _aPR 1574
090 _c43760
_d43759
100 _aRashid Mahmood Butt, M.; Prof Muhammad Ali Butt and Muhammad Ramzan, Advisors
245 _aImage Compression Using Wavelet Transform
_n53 "B" EC
260 _aRawalpindi
_bNUST
_c2001
300 _a91
500 _aBE Project Reports
942 _aCAE NUST
_kPR 1574
999 _c326680
_d326680